Statistics for 50 Most Valuable Spanish Players

Click here to take the quiz!

General Stats

  • This quiz has been taken 40 times
  • The average score is 25 of 50

Answer Stats

RankValue (€)ClubPlayer% Correct
9€50MVillarreal CFPau Torres
94%
2€80MFC BarcelonaPedri
94%
11€45MJuventusAlvaro Morata
90%
8€50MManchester CityFerran Torres
90%
7€50MRB LeipzigDani Olmo
87%
4€70MManchester CityRodri
87%
5€60MAtletico MadridKoke
84%
1€80MAtletico MadridMarcos Llorente
84%
14€40MAtletico MadridSaul Niguez
84%
41€20MLeeds UnitedDiego Llorente
81%
36€20MFC BarcelonaJordi Alba
81%
3€70MReal SociedadMikel Oyarzabal
81%
6€60MFC BarcelonaAnsu Fati
77%
13€45MNapoliFabian Ruiz
77%
12€45MManchester CityAymeric Laporte
71%
23€30MReal MadridDaniel Carvajal
68%
15€40MVillarreal CFGerard Moreno
68%
22€30MLiverpoolThiago Alcantara
68%
19€35MRB LeipzigAngelino
61%
10€45MLazioLuis Alberto
61%
21€35MReal MadridMarco Asensio
61%
43€20MAthletic BilbaoUnai Simon
55%
49€20MFC BarcelonaEric Garcia
52%
30€25MAthletic BilbaoInaki Williams
52%
18€35MValencia CFJose Gaya
52%
28€25MPSGPablo Sarabia
52%
31€25MTottenham HotspurSergio Reguilon
52%
16€40MReal SociedadMikel Merino
48%
24€30MWolvesAdama Traore
45%
17€40MValencia CFCarlos Soler
45%
26€30MTottenham HotspurBryan Gil
42%
27€27MReal MadridDani Ceballos
35%
29€25MArsenalHector Bellerin
35%
20€35MAtletico MadridMario Hermoso
35%
39€20MAthletic BilbaoInigo Martinez
32%
35€20MReal BetisSergio Canales
32%
34€22MSL BenficaAlejandro Grimaldo
29%
38€20MSevilla FCSuso
29%
44€20MGetafe CFMarc Cucurella
26%
32€25MFC BarcelonaIlaix Moriba
19%
50€20MSporting CPPedro Porro
19%
48€20MReal SociedadMartin Zubimendi
16%
33€22MVillarreal CFPaco Alcacer
16%
40€20MReal SociedadAlex Remiro
13%
37€20MReal SociedadCristian Portu
13%
25€30MSevilla FCJoan Jordan
10%
42€20MAthletic BilbaoYeray
10%
46€20MReal SociedadIgor Zubeldia
6%
45€20MAthletic BilbaoUnai Nunez
6%
47€20MVillarreal CFAlfonso Pedraza
3%

Score Distribution

Percentile by Number Answered

Percent of People with Each Score

Your Score History

You have not taken this quiz